|
|
|
|
| LEADER |
00000cam a2200000 i 4500 |
| 001 |
1/79066 |
| 008 |
970221s1977 gr | ||| |||| ||gre|| |
| 035 |
|
|
|a 1995
|b 1
|c Δωρεά
|l 10033085
|
| 040 |
|
|
|a GR-MY-UA
|b gre
|e aacr
|
| 041 |
0 |
|
|a gre
|
| 082 |
7 |
|
|a 370.9495
|
| 100 |
1 |
|
|a Τσιμπούκης, Κωνσταντίνος Ι.,
|d 1934-
|
| 245 |
1 |
0 |
|a Για μια αποτελεσματική εκπαιδευτική μεταρρύθμιση /
|c Κωνσταντίνου Ιωαν. Τσιμπούκη.
|
| 260 |
|
|
|a Αθήνα :
|b [χ.ό.],
|c 1977.
|
| 300 |
|
|
|a 130 σ. ;
|c 24 εκ.
|
| 504 |
|
|
|a Βιβλιογραφία : σ. 119-125.
|
| 504 |
|
|
|a Περιλαμβάνει πίνακα θεμάτων κια παράρτημα.
|
| 650 |
0 |
0 |
|a Education
|z Greece
|x History
|y 20th century.
|
| 650 |
0 |
0 |
|a Educational change
|z Greece
|y 20th century.
|
| 852 |
|
|
|a INST
|b RHODES
|e 19970221
|h 370.9495 ΤΣΙ
|p 005400007225
|q 005400007225
|t BK
|y 0
|
| 852 |
|
|
|a INST
|b RHODES
|c AKA
|e 20180928
|h 370.9495 ΤΣΙ
|p 005400040268
|q 005400040268
|t BK
|y 0
|
| 909 |
|
|
|a Ρ
|b 028498
|c 1995
|
| 970 |
|
|
|z 2000/06/ΟΙΚΟΝΟΜΟΠΟΥΛΟΥ (SUBJECT)
|